Abyssinia : present commercial status of country with special reference to possibilities for American trade.

Bibliographic Details
Other Authors: Southard, Addison E.
Format: Government Document eBook
Language:English
Published: [Washington?] : U.S. Government Printing Office, 1918.
Series:Spec. Consular Rpt. No. 81
Subjects:
Online Access:Connect to the full text of this electronic document

MARC

Tag First Indicator Second Indicator Subfields
LEADER 00000cam a22000001a 4500
001 in00003675721
006 m o d f
007 cr bn mmmapmmp
008 040714s1918 dcu o f000 0 eng d
005 20260611143535.5
035 |a ebd1910209960 
040 |a UMI  |c UMI  |d UtOrBLW 
086 0 |a C 18.9:81 
099 |a C18.9-81 
245 0 0 |a Abyssinia :  |b present commercial status of country with special reference to possibilities for American trade. 
264 1 |a [Washington?] :  |b U.S. Government Printing Office,  |c 1918. 
300 |a 1 online resource (71 pages) 
336 |a text  |b txt  |2 rdacontent 
337 |a computer  |b c  |2 rdamedia 
338 |a online resource  |b cr  |2 rdacarrier 
490 0 |a Spec. Consular Rpt. No. 81 
500 |a [With data on foreign trade, by commodity] 
500 |a Record is based on bibliographic data in ProQuest U.S. Executive Branch Documents, 1910-1932. Reuse except for individual research requires license from ProQuest, LLC. 
533 |a Electronic reproduction.  |b [Bethesda, Md.] :  |c ProQuest,  |d 2012.  |e digital, PDF file.  |n ProQuest U.S. Executive Branch Documents, 1910-1932.  |n Mode of access: World Wide Web via ProQuest website. 
538 |a System requirements: PDF reader software. 
500 |a Electronic resource. 
651 0 |a Ethiopia.  |0 http://id.loc.gov/authorities/names/n79081279 
655 7 |a Electronic books.  |2 local 
700 1 |a Southard, Addison E.  |0 http://id.loc.gov/authorities/names/n2005063631 
776 1 8 |i Microfiche version:  |t Abyssinia  |o CIS US Exec MF C18.9-81  |w (ProQuest)cis19122198 
856 4 0 |u http://proxy.library.tamu.edu/login?url=https://congressional.proquest.com/congressional/docview/t66.d71.c18.9-81  |z Connect to the full text of this electronic document  |t 0 
999 f f |s a7f2761b-f39f-3641-9605-ef69df816f67  |i 278423b8-1384-3aae-a3b8-da5ac79f9a0e  |t 0 
952 f f |a Texas A&M University  |b College Station  |c Electronic Resources  |s www_evans  |d Available Online  |t 0  |h No information provided 
998 f f |t 0  |l Available Online